Zusetsu Edo jidai shokuseikatsu jiten /

Saved in:
Bibliographic Details
Corporate Author: Nihon Fūzokushi Gakkai.
Other Authors: Shinoda, Osamu., Kawakami, Kōzō.
Format: Book
Language:Japanese
Published: Tōkyō : Yūzankaku Shuppan, Shōwa 53 [1978]
Subjects:
Tags: Add Tag
No Tags, Be the first to tag this record!
LEADER 01249nam a2200325 a 4500
001 007721035-2
005 20024617115255.0
008 860310s1978 ja a bd 001 0 jpn
010 |a 78815352 
020 |c Y4000 
035 0 |a ocm14946139 
040 |a DLC  |c IU  |d *YNH*  |d CStRLIN 
043 |a a-ja--- 
050 0 |a GT2853.J3  |b Z87 
245 0 0 |6 880-01  |a Zusetsu Edo jidai shokuseikatsu jiten /  |c Nihon Fūzokushi Gakkai hen, [henshū daihyō Shinoda Osamu, Kawakami Kōzō]. 
260 |6 880-02  |a Tōkyō :  |b Yūzankaku Shuppan,  |c Shōwa 53 [1978] 
300 |a 40, 413 p. :  |b ill. ;  |c 22 cm. 
504 |a Includes bibliographies and index. 
650 0 |a Food habits  |z Japan  |x Dictionaries  |x Japanese. 
651 0 |a Japan  |x Social life and customs  |y 1600-1868  |x Dictionaries  |x Japanese. 
700 1 |6 880-03  |a Shinoda, Osamu. 
700 1 |6 880-04  |a Kawakami, Kōzō. 
710 2 |6 880-05  |a Nihon Fūzokushi Gakkai. 
880 0 0 |6 245-01  |a 図說江戶時代食生活事典 /  |c 日本風俗史学会編, [編集代表篠田統, 川上行藏]. 
880 |6 260-02  |a 東京 :  |b 雄山閣出版,  |c 昭和 53 [1978] 
880 1 |6 700-03  |a 篠田統. 
880 1 |6 700-04  |a 川上行藏. 
880 2 |6 710-05  |a 日本風俗史学会. 
988 |a 20021127 
906 |0 DLC